=LDR 00000nam 2200000 4500 =001 INLIS000000000036256 =005 20240723120200 =035 ##$$a 0010-061300000036256 =008 240723################g##########0#ind## =041 ##$$a Ind =082 ##$$a F Rom K =090 ##$$a F Rom K, Der y =100 ##$$a Derib =245 1#$$a Yakari : $b Dan beruang grizzly /$c Derib, Job ; penerjemah, Ariani =260 ##$$a Jakarta :$b Elex media komputindo,$c 2011 =300 ##$$a 48 hlm : $b Ilus ; $c 24 x 18 cm =650 #4$$a Fiksi kanak-kanak =700 #$$a Ariani =850 ##$$a NBPNMAT =020 ##$$a 978-979-27-6945-6 =084 ##$$a F Rom K DER y =990 ##$$a 21100931 =990 ##$$a 21602730/BPAP-NTB/2017